[Event "Santiago de Chile op"]
[Site "Santiago de Chile"]
[Date "2011.09.21"]
[Round "6"]
[White "Gillibrand, Winston"]
[Black "Donoso Ovalle, Christopher Alej"]
[Result "0-1"]
[WhiteElo "1909"]
[BlackElo "2023"]
[PlyCount "50"]
[EventDate "2011.09.07"]
[EventType "swiss"]
[EventRounds "9"]
[EventCountry "CHI"]
[SourceTitle "EXT 2012"]
[Source "ChessBase"]
[SourceDate "2011.11.24"]
[SourceVersion "1"]
[SourceVersionDate "2011.11.24"]
[SourceQuality "1"]

1. e4 c5 2. f4 Nc6 3. Nf3 d6 4. h3 e6 5. g3 f5 6. Nc3 Nf6 7. d3 Be7 8. Be2 0-0 9. Rg1 e5 10. exf5 exf4 11. g4 Qb6 12. b3 Nb4 13. Na4 Qc7 14. Bxf4 Nfd5 15. Bd2 b5 16. Nb2 Bf6 17. Qc1 Bb7 18. c3 Rae8 19. Rg2 Nc6 20. Rb1 b4 21. c4 Nc3 22. Bxc3 bxc3 23. Na4 c2 24. Qxc2 Nd4 25. Nxd4 Bxd4 0-1

[Event "Santiago de Chile op"]
[Site "Santiago de Chile"]
[Date "2011.09.09"]
[Round "2"]
[White "Donoso Ovalle, Christopher Alej"]
[Black "Mino Silva, Alvaro Antonio"]
[Result "1-0"]
[WhiteElo "2023"]
[BlackElo "1824"]
[PlyCount "79"]
[EventDate "2011.09.07"]
[EventType "swiss"]
[EventRounds "9"]
[EventCountry "CHI"]
[SourceTitle "EXT 2012"]
[Source "ChessBase"]
[SourceDate "2011.11.24"]
[SourceVersion "1"]
[SourceVersionDate "2011.11.24"]
[SourceQuality "1"]

1. e4 c5 2. Nf3 d6 3. d4 cxd4 4. Nxd4 Nf6 5. Nc3 a6 6. Bc4 e6 7. 0-0 b5 8. Bb3 Be7 9. Re1 0-0 10. Qf3 Qc7 11. Qg3 Nc6 12. Nxc6 Qxc6 13. Bh6 Ne8 14. Nd5 Qb7 15. Nxe7+ Qxe7 16. Rad1 Kh8 17. Bg5 f6 18. Bf4 e5 19. Bc1 Be6 20. Re3 Nc7 21. Qh4 g5 22. Qh6 Rg8 23. Red3 Rg6 24. Qh5 Rd8 25. Qf3 Bxb3 26. axb3 Ne6 27. Qe3 Qc7 28. Rc3 Qb7 29. Rcd3 Qc7 30. Qh3 Nd4 31. Be3 Ne2+ 32. Kf1 Nf4 33. Bxf4 gxf4 34. Rc3 Qb7 35. Qf5 Qg7 36. Rc8 Rg8 37. Rxg8+ Qxg8 38. Rxd6 Rxg2 39. Qxf6+ Rg7 40. Rd8 1-0

[Event "Santiago de Chile op"]
[Site "Santiago de Chile"]
[Date "2011.09.07"]
[Round "1"]
[White "Henriquez, Cristobal"]
[Black "Donoso Ovalle, Christopher Alej"]
[Result "1-0"]
[WhiteElo "2219"]
[BlackElo "2023"]
[PlyCount "77"]
[EventDate "2011.09.07"]
[EventType "swiss"]
[EventRounds "9"]
[EventCountry "CHI"]
[SourceTitle "EXT 2012"]
[Source "ChessBase"]
[SourceDate "2011.11.24"]
[SourceVersion "1"]
[SourceVersionDate "2011.11.24"]
[SourceQuality "1"]

1. e4 c5 2. Ne2 d6 3. d4 cxd4 4. Nxd4 Nf6 5. Nc3 e6 6. Be2 a6 7. a4 b6 8. Bf3 Nfd7 9. e5 d5 10. Bf4 Bb7 11. 0-0 Be7 12. Re1 Nc6 13. Nxc6 Bxc6 14. Ne2 Rc8 15. c3 0-0 16. b4 Ba8 17. Qd2 Qc7 18. Qe3 Rfd8 19. Rec1 a5 20. Nd4 Qb8 21. b5 Bc5 22. h4 Re8 23. Bg3 Qa7 24. Qg5 h6 25. Qg4 Nf8 26. Be2 Qe7 27. Bd3 f5 28. exf6 Qxf6 29. Re1 h5 30. Qxh5 Bxd4 31. cxd4 Qxd4 32. Rad1 Qf6 33. Be5 Qh6 34. Qxh6 gxh6 35. Re3 Kf7 36. Rg3 Red8 37. Be2 Nd7 38. Bh5+ Kf8 39. Bd6# 1-0

[Event "CHI-chT Universities"]
[Site "Punta Arenas"]
[Date "2010.10.21"]
[Round "5"]
[White "Donoso Ovalle, Christopher Alej"]
[Black "Lobos Barrenechea, Miguel"]
[Result "1/2-1/2"]
[WhiteElo "2023"]
[BlackElo "2364"]
[PlyCount "46"]
[EventDate "2010.10.19"]
[EventType "team-swiss"]
[EventRounds "7"]
[EventCountry "CHI"]
[SourceTitle "EXT 2012"]
[Source "ChessBase"]
[SourceDate "2011.11.24"]
[SourceVersion "1"]
[SourceVersionDate "2011.11.24"]
[SourceQuality "1"]

1. e4 d5 2. exd5 Qxd5 3. Nc3 Qa5 4. d4 Nf6 5. Bd2 c6 6. Bc4 Bf5 7. Nf3 e6 8. Nd5 Qd8 9. Nxf6+ gxf6 10. Qe2 Bxc2 11. 0-0 Be7 12. Bh6 Bf5 13. Nh4 Bg6 14. Rfe1 Qd6 15. Rad1 Nd7 16. d5 cxd5 17. Bxd5 Qb6 18. Rc1 Bf8 19. Bf4 Bc5 20. b4 Qxb4 21. Bxe6 Qxf4 22. Bxd7+ Kf8 23. Rxc5 Qxh4 1/2-1/2

[Event "CHI-chT Universities"]
[Site "Punta Arenas"]
[Date "2010.10.20"]
[Round "4"]
[White "Hurtado Bahamonde, Rodrigo And"]
[Black "Donoso Ovalle, Christopher Alej"]
[Result "1-0"]
[WhiteElo "2035"]
[BlackElo "2023"]
[PlyCount "37"]
[EventDate "2010.10.19"]
[EventType "team-swiss"]
[EventRounds "7"]
[EventCountry "CHI"]
[SourceTitle "EXT 2012"]
[Source "ChessBase"]
[SourceDate "2011.11.24"]
[SourceVersion "1"]
[SourceVersionDate "2011.11.24"]
[SourceQuality "1"]

1. e4 c5 2. Nf3 d6 3. d4 cxd4 4. Nxd4 Nf6 5. Nc3 a6 6. Bg5 e6 7. f4 Nc6 8. Nxc6 bxc6 9. e5 h6 10. Bxf6 gxf6 11. exd6 Bxd6 12. Qf3 Qb6 13. Ne4 Bb4+ 14. c3 Be7 15. 0-0-0 Rb8 16. b3 Qa5 17. Nd6+ Kf8 18. Qxc6 Qxa2 19. Qe8+ 1-0

[Event "Santiago Endesa Interempresas tt-B"]
[Site "Santiago de Chile"]
[Date "2010.08.24"]
[Round "7"]
[White "Donoso Ovalle, Christopher Alej"]
[Black "Bombardiere Rosas, Eduardo"]
[Result "1-0"]
[WhiteElo "1961"]
[BlackElo "2199"]
[PlyCount "85"]
[EventDate "2010.07.13"]
[EventType "team"]
[EventRounds "11"]
[EventCountry "CHI"]
[SourceTitle "EXT 2012"]
[Source "ChessBase"]
[SourceDate "2011.11.24"]
[SourceVersion "1"]
[SourceVersionDate "2011.11.24"]
[SourceQuality "1"]

1. e4 c6 2. d4 d5 3. Nc3 dxe4 4. Nxe4 Nf6 5. Nxf6+ gxf6 6. Bf4 Bf5 7. Bc4 e6 8. Ne2 Nd7 9. Ng3 Qb6 10. 0-0 Bg6 11. Re1 0-0-0 12. Bb3 h5 13. a4 h4 14. a5 Qa6 15. Nf1 Nc5 16. Ba2 Qb5 17. a6 Nxa6 18. Rxe6 fxe6 19. Bxe6+ Rd7 20. c4 Qh5 21. Qb3 Bf5 22. Bxd7+ Bxd7 23. Rxa6 Qf5 24. Rxa7 Kd8 25. Qxb7 Rh7 26. Qb8+ Bc8 27. Qb6+ Ke8 28. Qxc6+ Bd7 29. Ra8+ Kf7 30. Qd5+ Qxd5 31. cxd5 Rh5 32. Ne3 Bb4 33. Ra7 Ke8 34. g4 hxg3 35. hxg3 Bd2 36. Ng2 Bb4 37. Rb7 Bf8 38. Ne3 Bc8 39. Rc7 Bd7 40. g4 Rh8 41. f3 Rg8 42. Kf2 Bg7 43. Nc4 1-0

[Event "Santiago Endesa Interempresas tt-B"]
[Site "Santiago de Chile"]
[Date "2010.08.17"]
[Round "6"]
[White "Escalona Riveros, Felipe"]
[Black "Donoso Ovalle, Christopher Alej"]
[Result "0-1"]
[WhiteElo "1777"]
[BlackElo "1961"]
[PlyCount "70"]
[EventDate "2010.07.13"]
[EventType "team"]
[EventRounds "11"]
[EventCountry "CHI"]
[SourceTitle "EXT 2012"]
[Source "ChessBase"]
[SourceDate "2011.11.24"]
[SourceVersion "1"]
[SourceVersionDate "2011.11.24"]
[SourceQuality "1"]

1. d4 Nf6 2. c4 g6 3. Nc3 Bg7 4. e4 d6 5. Nf3 0-0 6. Be2 e5 7. 0-0 Nc6 8. d5 Ne7 9. Ne1 Nd7 10. Be3 f5 11. f3 f4 12. Bf2 g5 13. b4 Nf6 14. Rc1 Rf7 15. c5 Ng6 16. Nd3 Bf8 17. g4 fxg3 18. hxg3 Rg7 19. Kg2 Nf4+ 20. Nxf4 gxf4 21. Rg1 fxg3 22. Be3 Nh5 23. Qd2 Qf6 24. Rh1 Nf4+ 25. Bxf4 exf4 26. cxd6 Bxd6 27. Nb5 Be5 28. Bc4 Kh8 29. d6 cxd6 30. Qd5 a6 31. Nc7 Bh3+ 32. Rxh3 Rxc7 33. Rch1 Rac8 34. Bb3 Rc2+ 35. Bxc2 Rxc2+ 0-1